Normal view MARC view
  • Borisenko, V. E

Entry Personal Name

Number of records used in: 1

001 - CONTROL NUMBER

  • control field: 101082

003 - CONTROL NUMBER IDENTIFIER

  • control field: NUST

005 - DATE AND TIME OF LATEST TRANSACTION

  • control field: 20221021110357.0

008 - FIXED-LENGTH DATA ELEMENTS

  • fixed length control field: 221021|| aca||aabn | a|a d

040 ## - CATALOGING SOURCE

  • Original cataloging agency: NUST
  • Transcribing agency: NUST

100 ## - HEADING--PERSONAL NAME

  • Personal name: Borisenko, V. E

670 ## - SOURCE DATA FOUND

  • Source citation: Work cat.: (NUST)182975: Borisenko, V. E., What is what in the nanoworld :, c2004.
© 2023 Central Library, National University of Sciences and Technology. All Rights Reserved.